A Systematic guide to career choice / (Record no. 9483)

MARC details
000 -LEADER
fixed length control field 00718nam a22002292 4500
001 - CONTROL NUMBER
control field 0000020728
005 - DATE AND TIME OF LATEST TRANSACTION
control field 20151217152220.0
008 - FIXED-LENGTH DATA ELEMENTS--GENERAL INFORMATION
fixed length control field 111006s xx 000 0 eng d
020 ## - INTERNATIONAL STANDARD BOOK NUMBER
International Standard Book Number 0982117523 :
040 ## - CATALOGING SOURCE
Original cataloging agency KABU
Transcribing agency KABU
100 1# - MAIN ENTRY--PERSONAL NAME
Personal name Gitonga Ciriaka.
-- 0000181265
245 12 - TITLE STATEMENT
Title A Systematic guide to career choice /
Statement of responsibility, etc. Ciriaka Gitonga.
250 ## - EDITION STATEMENT
Edition statement 1st ed.
260 ## - PUBLICATION, DISTRIBUTION, ETC. (IMPRINT)
Place of publication, distribution, etc. Nairobi :
Name of publisher, distributor, etc. Integrity Publishers,
Date of publication, distribution, etc. 2009.
300 ## - PHYSICAL DESCRIPTION
Extent xiv, 79 p.
650 #0 - SUBJECT ADDED ENTRY--TOPICAL TERM
Topical term or geographic name as entry element Career development.
-- 0000139411
650 #0 - SUBJECT ADDED ENTRY--TOPICAL TERM
Topical term or geographic name as entry element Vocational guidance.
-- 0000157388
852 1# - LOCATION
-- p300 KES
852 1# - LOCATION
-- p300 KES
908 ## - PUT COMMAND PARAMETER (RLIN)
Put command parameter 111006
950 ## - LOCAL HOLDINGS (RLIN)
-- 1
Holdings
Withdrawn status Lost status Source of classification or shelving scheme Not for loan Home library Current library Date acquired Total Checkouts Full call number Barcode Date last seen Price effective from Koha item type Date last checked out
    Library of Congress Classification   Kabarak, Main Campus Kabarak, Main Campus 17/12/2015   HF5381 .G58 2009 c. 1 21518 17/12/2015 17/12/2015 General Collection  
    Library of Congress Classification   Kabarak, Main Campus Kabarak, Main Campus 17/12/2015 1 HF5381 .G58 2009 c. 2 21519 18/05/2017 17/12/2015 General Collection 15/07/2016
Designed with assistance from East African Informatics Ltd